Companies Missing a Letter Quiz Stats

 Plays Quiz Updated Feb 3, 2018

Score 0/20 Timer 05:00
6 Plays Today
% Correct
Girl Scots
90.3%
Godyear
88.8%
Hole Foods Market
88.6%
Hoe Depot
88.3%
Southwet Airlines
88%
Foo Locker
88%
Whirlpoo
87.9%
Boing
87.2%
Tao Bell
87.1%
Best By
86%
% Correct
Fat
85.7%
Ow Chemical
84.9%
DreamWoks
84.8%
General ills
83.7%
Buffalo Wild Wigs
83.6%
Hick-Fil-A
83.1%
ESP
83.1%
Carton Network
81.9%
DIS Network
81.8%
Showtim
77%

You're not logged in!

Compare scores with friends on all Sporcle quizzes.
OR
Log In

You Might Also Like...

Show Comments

Extras

Top Quizzes Today


Score Distribution

Your Account Isn't Verified!

In order to create a playlist on Sporcle, you need to verify the email address you used during registration. Go to your Sporcle Settings to finish the process.

Report this User

Report this user for behavior that violates our Community Guidelines.

Details: